000 00939cam a22002772a 4500
001 23132
003 BD-RJUL
005 20211209000908.0
008 140310s19451909xx 001 0 eng d
035 _aOCLC ocm00542401 from D960206M
040 _aHEI
_cHEI
_dEQO
_beng
041 _aeng
082 _a826.7
_bLAL 1945
090 _aPR4863
_b.A6 1945
100 1 _aLamb, Charles,
_d1775-1834.
_971322
245 0 4 _aThe letters of Charles Lamb /
_c[arranged by Guy Pocock from the complete, annotated ed. of the letters of Charles and Mary Lamb, edited by E.V. Lucas]
_pV-2
250 _a[rev. ed.]
260 _aLondon :
_bDent ;
_aNew York :
_bDutton,
_cc1909[reprinting1945]
300 _a427 p. :
_billus. ;
_c17 cm
490 1 _aEveryman's library ;
_v342-343
504 _aIncludes index
830 0 _v342-343
_971323
700 1 _aPocock, Guy Noel,
_d1880-1955.
_971324
830 0 _aEveryman's library ;
_971325
942 _2ddc
_cBK
999 _c23132
_d23132